000 00411nam a2200145 i 4500
001 104280
003 ES-MaACL
007 t|
008 051125s1928 fr ||||1| fre d
100 1 _aMignard, Maurice.
_980988
245 1 2 _aL'unité psychique et les troubles mentaux /
_cpar Maurice Mignard.
260 _aParis :
_bFélix Alcan,
_c1928.
300 _aXIII, 318 p. ;
_c23 cm.
852 _aES-MaACL
_jB-5591
999 _c104280
_d104280